| 000 | 00489nam a2200193 a 4500 | ||
|---|---|---|---|
| 001 | 1776330595390 | ||
| 003 | YourLibrary | ||
| 005 | 20260416144343.0 | ||
| 008 | 260416s1998##################000#0#eng## | ||
| 020 | _a9789041196873 | ||
| 082 | 0 | 4 |
_a346.074 _bGLE |
| 100 | 1 |
_aGlennie, David, _eauthor. |
|
| 245 | 1 | 0 | _aSecuritization : |
| 260 |
_bSpringer, _c1998. |
||
| 300 | _a264 pages | ||
| 650 | 0 | _aBusiness & Economics. | |
| 942 | _cENGLISH | ||
| 040 |
_aYourLibrary _beng _cYourLibrary |
||
| 999 |
_c619371 _d619371 |
||